000 00241nam a22001097a 4500
008 180803b xxu||||| |||| 00| 0 eng d
082 _a813.52
245 _aSpiders
_cShepard,K.J
260 _c1978
300 _a1
_fCassette
942 _2ddc
_cMX
999 _c46758
_d46758